[Event "Rapid 2018"]
[Site "Saint-Petersburg"]
[Date "2018.12.28"]
[Round "11"]
[Board "41"]
[White "Pantsulaia Levan (GEO)"]
[Black "Yuffa Daniil (RUS)"]
[Result "0-1"]
[LiveChessVersion "1.4.8"]
[BlackElo "2573"]
[WhiteElo "2652"]

1. Nf3 {[%clk 0:15:18]} d6 {[%clk 0:15:19]} 2. c4 {[%clk 0:15:19]} g6
{[%clk 0:15:21]} 3. Nc3 {[%clk 0:15:24]} Bg7 {[%clk 0:15:29]} 4. d4
{[%clk 0:15:21]} Nf6 {[%clk 0:15:37]} 5. g3 {[%clk 0:15:29]} O-O {[%clk 0:15:45]}
6. Bg2 {[%clk 0:15:37]} Nc6 {[%clk 0:15:43]} 7. O-O {[%clk 0:15:35]} Bf5
{[%clk 0:15:50]} 8. Ne1 {[%clk 0:15:15]} Bd7 {[%clk 0:15:39]} 9. e4
{[%clk 0:14:54]} e5 {[%clk 0:15:34]} 10. d5 {[%clk 0:14:27]} Nd4 {[%clk 0:15:39]}
11. Nc2 {[%clk 0:14:35]} Re8 {[%clk 0:14:40]} 12. Be3 {[%clk 0:14:01]} Ng4
{[%clk 0:14:10]} 13. Nxd4 {[%clk 0:13:44]} Nxe3 {[%clk 0:14:17]} 14. fxe3
{[%clk 0:13:53]} exd4 {[%clk 0:14:24]} 15. exd4 {[%clk 0:14:01]} c6
{[%clk 0:14:25]} 16. Kh1 {[%clk 0:11:30]} Qb6 {[%clk 0:13:59]} 17. Qf3
{[%clk 0:11:37]} Rf8 {[%clk 0:13:14]} 18. c5 {[%clk 0:11:40]} dxc5
{[%clk 0:13:13]} 19. Na4 {[%clk 0:11:46]} Qc7 {[%clk 0:12:57]} 20. Nxc5
{[%clk 0:09:56]} Bxd4 {[%clk 0:13:01]} 21. Nxd7 {[%clk 0:10:00]} Qxd7
{[%clk 0:13:08]} 22. Qb3 {[%clk 0:09:13]} c5 {[%clk 0:12:29]} 23. Rad1
{[%clk 0:09:12]} Rae8 {[%clk 0:11:43]} 24. Qc2 {[%clk 0:08:58]} a5
{[%clk 0:11:08]} 25. a4 {[%clk 0:07:45]} b5 {[%clk 0:09:06]} 26. b3
{[%clk 0:07:36]} bxa4 {[%clk 0:08:50]} 27. bxa4 {[%clk 0:07:45]} Rb8
{[%clk 0:08:36]} 28. e5 {[%clk 0:05:57]} Rfe8 {[%clk 0:07:34]} 29. Rde1
{[%clk 0:04:02]} Bxe5 {[%clk 0:05:27]} 30. Qxc5 {[%clk 0:04:09]} Rec8
{[%clk 0:05:13]} 31. Qf2 {[%clk 0:03:28]} f6 {[%clk 0:05:13]} 32. Re2
{[%clk 0:02:54]} Rb4 {[%clk 0:04:07]} 33. Rc2 {[%clk 0:01:24]} Rxc2
{[%clk 0:03:18]} 34. Qxc2 {[%clk 0:01:32]} Rxa4 {[%clk 0:03:27]} 35. d6
{[%clk 0:01:35]} Rd4 {[%clk 0:03:14]} 36. Qa2+ {[%clk 0:01:35]} Kg7
{[%clk 0:03:19]} 37. Qxa5 {[%clk 0:01:44]} Rxd6 {[%clk 0:03:10]} 38. Qb4
{[%clk 0:01:44]} Rd1 {[%clk 0:02:24]} 39. Qc4 {[%clk 0:01:43]} Rd2
{[%clk 0:02:17]} 40. Rb1 {[%clk 0:01:42]} h5 {[%clk 0:01:57]} 41. Qf1
{[%clk 0:01:15]} Qd4 {[%clk 0:01:37]} 42. Re1 {[%clk 0:00:43]} h4
{[%clk 0:01:26]} 43. Re4 {[%clk 0:00:44]} Qd6 {[%clk 0:00:59]} 44. gxh4
{[%clk 0:00:51]} Bxh2 {[%clk 0:00:48]} 45. Qf3 {[%clk 0:00:18]} Be5
{[%clk 0:00:19]} 46. Rg4 {[%clk 0:00:21]} Rd1+ {[%clk 0:00:17]} 47. Bf1
{[%clk 0:00:30]} Qd7 {[%clk 0:00:19]} 48. Rg1 {[%clk 0:00:23]} Rd4
{[%clk 0:00:25]} 49. Kg2 {[%clk 0:00:13]} Rg4+ {[%clk 0:00:25]} 0-1

[Event "Rapid 2018"]
[Site "Saint-Petersburg"]
[Date "2018.12.28"]
[Round "11"]
[Board "42"]
[White "Tukhaev Adam (UKR)"]
[Black "Yudin Sergei (RUS)"]
[Result "1/2-1/2"]
[LiveChessVersion "1.4.8"]
[BlackElo "2643"]
[WhiteElo "2556"]

1. e4 {[%clk 0:15:17]} d6 {[%clk 0:15:18]} 2. d4 {[%clk 0:15:16]} Nf6
{[%clk 0:15:26]} 3. Nc3 {[%clk 0:15:22]} e5 {[%clk 0:15:34]} 4. Nf3
{[%clk 0:15:06]} Nbd7 {[%clk 0:15:40]} 5. Bc4 {[%clk 0:15:06]} Be7
{[%clk 0:15:47]} 6. a4 {[%clk 0:15:05]} O-O {[%clk 0:15:52]} 7. O-O
{[%clk 0:15:10]} c6 {[%clk 0:16:00]} 8. Re1 {[%clk 0:14:53]} h6 {[%clk 0:16:00]}
9. h3 {[%clk 0:14:43]} Re8 {[%clk 0:15:50]} 10. b3 {[%clk 0:14:12]} exd4
{[%clk 0:15:36]} 11. Nxd4 {[%clk 0:13:37]} Bf8 {[%clk 0:15:42]} 12. Bb2
{[%clk 0:13:35]} Nc5 {[%clk 0:15:48]} 13. Qf3 {[%clk 0:13:06]} Ne6
{[%clk 0:15:54]} 14. Nf5 {[%clk 0:11:15]} Ng5 {[%clk 0:14:53]} 15. Qf4
{[%clk 0:11:24]} Nh5 {[%clk 0:12:32]} 16. Qg4 {[%clk 0:08:17]} Nf6
{[%clk 0:10:37]} 17. Qf4 {[%clk 0:08:21]} Nh5 {[%clk 0:08:26]} 18. Qg4
{[%clk 0:08:30]} Nf6 {[%clk 0:06:07]} 19. Qf4 {[%clk 0:08:35]} Nh5
{[%clk 0:06:15]} 20. Qg4 {[%clk 0:06:35]} Nf6 {[%clk 0:06:22]} 21. Qf4
{[%clk 0:06:43]} 1/2-1/2

[Event "Rapid 2018"]
[Site "Saint-Petersburg"]
[Date "2018.12.28"]
[Round "11"]
[Board "43"]
[White "Vitiugov Nikita (RUS)"]
[Black "Vishnu Prasanna. V (IND)"]
[Result "0-1"]
[LiveChessVersion "1.4.8"]
[BlackElo "2489"]
[WhiteElo "2632"]

1. d4 {[%clk 0:15:15]} Nf6 {[%clk 0:15:17]} 2. Nf3 {[%clk 0:15:21]} g6
{[%clk 0:15:25]} 3. Nc3 {[%clk 0:15:28]} d5 {[%clk 0:15:28]} 4. Bf4
{[%clk 0:15:36]} c6 {[%clk 0:15:03]} 5. e3 {[%clk 0:15:21]} Bg7 {[%clk 0:15:09]}
6. h3 {[%clk 0:15:14]} Bf5 {[%clk 0:13:32]} 7. g4 {[%clk 0:14:24]} Be4
{[%clk 0:12:55]} 8. g5 {[%clk 0:13:58]} Bxf3 {[%clk 0:12:16]} 9. Qxf3
{[%clk 0:14:05]} Nh5 {[%clk 0:11:04]} 10. Bh2 {[%clk 0:13:58]} Nd7
{[%clk 0:11:11]} 11. h4 {[%clk 0:13:17]} e5 {[%clk 0:11:10]} 12. O-O-O
{[%clk 0:13:19]} O-O {[%clk 0:10:04]} 13. Be2 {[%clk 0:12:39]} f5
{[%clk 0:08:09]} 14. Qh3 {[%clk 0:11:56]} Qe7 {[%clk 0:06:35]} 15. Rhg1
{[%clk 0:11:16]} Rae8 {[%clk 0:06:09]} 16. Bxh5 {[%clk 0:10:33]} gxh5
{[%clk 0:06:15]} 17. Qf3 {[%clk 0:09:52]} Qf7 {[%clk 0:04:11]} 18. Ne2
{[%clk 0:09:57]} f4 {[%clk 0:04:02]} 19. exf4 {[%clk 0:09:41]} exf4
{[%clk 0:03:58]} 20. Kb1 {[%clk 0:07:00]} Re4 {[%clk 0:04:01]} 21. c3
{[%clk 0:06:55]} c5 {[%clk 0:03:12]} 22. Ka1 {[%clk 0:06:25]} cxd4
{[%clk 0:03:20]} 23. cxd4 {[%clk 0:06:32]} Nb6 {[%clk 0:01:04]} 24. a3
{[%clk 0:02:57]} Nc4 {[%clk 0:01:00]} 25. Nxf4 {[%clk 0:03:01]} Rxf4
{[%clk 0:00:46]} 26. Bxf4 {[%clk 0:03:09]} Qxf4 {[%clk 0:00:55]} 27. Qxd5+
{[%clk 0:03:16]} Qf7 {[%clk 0:01:03]} 28. Qe4 {[%clk 0:02:12]} Qxf2
{[%clk 0:00:44]} 29. Qxb7 {[%clk 0:02:10]} Ne3 {[%clk 0:00:48]} 30. Rc1
{[%clk 0:01:53]} Ng4 {[%clk 0:00:39]} 31. Rge1 {[%clk 0:00:47]} Qxd4
{[%clk 0:00:18]} 32. Re7 {[%clk 0:00:56]} Be5 {[%clk 0:00:15]} 33. Ka2
{[%clk 0:00:28]} Ne3 {[%clk 0:00:13]} 34. Rc8 {[%clk 0:00:26]} Nd5
{[%clk 0:00:13]} 35. Ree8 {[%clk 0:00:15]} Bd6 {[%clk 0:00:13]} 36. Rxf8+
{[%clk 0:00:18]} Bxf8 {[%clk 0:00:21]} 37. Qb3 {[%clk 0:00:19]} Kg7
{[%clk 0:00:21]} 38. Qb7+ {[%clk 0:00:26]} Be7 {[%clk 0:00:26]} 39. Rc2
{[%clk 0:00:15]} Qe4 {[%clk 0:00:30]} 40. Qb3 {[%clk 0:00:18]} Ne3
{[%clk 0:00:25]} 41. Rc7 {[%clk 0:00:21]} Nf5 {[%clk 0:00:34]} 42. Rc8
{[%clk 0:00:22]} Kg6 {[%clk 0:00:34]} 43. Rc4 {[%clk 0:00:13]} Qe6
{[%clk 0:00:39]} 44. Qd3 {[%clk 0:00:16]} h6 {[%clk 0:00:41]} 45. gxh6
{[%clk 0:00:23]} Kxh6 {[%clk 0:00:48]} 46. Ka1 {[%clk 0:00:30]} Qe1+ 47. Ka2 Qe6
{[%clk 0:01:03]} 48. Kb1 {[%clk 0:00:49]} Bxh4 {[%clk 0:00:57]} 49. Re4
{[%clk 0:00:46]} Qf6 {[%clk 0:00:44]} 50. Qd5 {[%clk 0:00:55]} Ng7
{[%clk 0:00:50]} 51. Rc4 {[%clk 0:00:56]} Qf1+ {[%clk 0:00:48]} 52. Ka2
{[%clk 0:01:04]} Qf2 {[%clk 0:00:57]} 53. Qd3 {[%clk 0:00:21]} Bf6
{[%clk 0:00:53]} 54. Rc2 {[%clk 0:00:30]} Qf4 {[%clk 0:00:54]} 55. Rg2
{[%clk 0:00:30]} Qf5 {[%clk 0:00:57]} 56. Qd2+ {[%clk 0:00:24]} Kh7
{[%clk 0:01:05]} 57. Rf2 {[%clk 0:00:28]} Qe6+ {[%clk 0:01:13]} 58. Ka1
{[%clk 0:00:37]} h4 {[%clk 0:01:21]} 59. Qf4 {[%clk 0:00:33]} Nh5
{[%clk 0:01:17]} 60. Qf3 {[%clk 0:00:41]} Kg6 {[%clk 0:00:57]} 61. Qd3+
{[%clk 0:00:45]} Kh6 {[%clk 0:00:55]} 62. Re2 {[%clk 0:00:39]} Qg4
{[%clk 0:00:59]} 63. Qd2+ {[%clk 0:00:41]} Qf4 {[%clk 0:01:05]} 64. Qe1
{[%clk 0:00:38]} h3 {[%clk 0:01:06]} 65. Rf2 {[%clk 0:00:47]} Qe5
{[%clk 0:00:46]} 66. Qc1+ {[%clk 0:00:31]} Kg7 {[%clk 0:00:49]} 67. Qh1
{[%clk 0:00:23]} Qg3 {[%clk 0:00:53]} 68. Rh2 {[%clk 0:00:15]} Qxa3+
{[%clk 0:00:58]} 69. Kb1 {[%clk 0:00:25]} Qd3+ {[%clk 0:01:04]} 70. Ka1
{[%clk 0:00:34]} Nf4 {[%clk 0:01:10]} 71. Qg1+ {[%clk 0:00:38]} Kh6
{[%clk 0:01:16]} 72. Qxa7 {[%clk 0:00:34]} Ne2 {[%clk 0:00:59]} 73. Qb6
{[%clk 0:00:25]} Kg6 {[%clk 0:00:51]} 74. Rf2 {[%clk 0:00:24]} Qd1+
{[%clk 0:00:32]} 75. Ka2 {[%clk 0:00:33]} Qa4+ {[%clk 0:00:41]} 76. Kb1
{[%clk 0:00:42]} Qe4+ {[%clk 0:00:49]} 77. Ka1 {[%clk 0:00:42]} Qe5
{[%clk 0:00:57]} 78. Qa6 {[%clk 0:00:20]} Qxb2# 0-1

[Event "Rapid 2018"]
[Site "Saint-Petersburg"]
[Date "2018.12.28"]
[Round "11"]
[Board "44"]
[White "Tari Aryan (NOR)"]
[Black "Adly Ahmed (EGY)"]
[Result "1-0"]
[LiveChessVersion "1.4.8"]
[BlackElo "2630"]
[WhiteElo "2554"]

1. e4 {[%clk 0:15:19]} c5 {[%clk 0:15:16]} 2. Nf3 {[%clk 0:15:21]} d6
{[%clk 0:15:24]} 3. Nc3 {[%clk 0:15:27]} Nc6 {[%clk 0:15:23]} 4. d4
{[%clk 0:15:33]} cxd4 {[%clk 0:15:30]} 5. Nxd4 {[%clk 0:15:41]} Bd7
{[%clk 0:15:33]} 6. g3 {[%clk 0:14:56]} g6 {[%clk 0:15:27]} 7. Bg2
{[%clk 0:14:35]} Bg7 {[%clk 0:15:36]} 8. Nb3 {[%clk 0:14:17]} Nf6
{[%clk 0:14:47]} 9. O-O {[%clk 0:14:25]} O-O {[%clk 0:14:51]} 10. h3
{[%clk 0:14:14]} a5 {[%clk 0:14:08]} 11. a4 {[%clk 0:14:00]} Nb4 {[%clk 0:14:09]}
12. Be3 {[%clk 0:13:32]} Rc8 {[%clk 0:13:54]} 13. Qd2 {[%clk 0:12:31]} Rc4
{[%clk 0:13:42]} 14. Rfe1 {[%clk 0:11:52]} Qc7 {[%clk 0:12:02]} 15. Nd4
{[%clk 0:11:30]} Qc8 {[%clk 0:10:47]} 16. Kh2 {[%clk 0:11:28]} Rc5
{[%clk 0:09:10]} 17. g4 {[%clk 0:08:43]} Ne8 {[%clk 0:08:02]} 18. Nd5
{[%clk 0:07:35]} Nxd5 {[%clk 0:08:10]} 19. exd5 {[%clk 0:07:43]} Nf6
{[%clk 0:08:20]} 20. Bh6 {[%clk 0:06:12]} Bxh6 {[%clk 0:07:12]} 21. Qxh6
{[%clk 0:06:20]} Bxg4 {[%clk 0:07:20]} 22. Qg5 {[%clk 0:05:33]} Be6
{[%clk 0:06:45]} 23. Nb3 {[%clk 0:05:02]} Rxd5 {[%clk 0:05:28]} 24. Bxd5
{[%clk 0:05:10]} Nxd5 {[%clk 0:05:36]} 25. Nd4 {[%clk 0:04:56]} f6
{[%clk 0:05:31]} 26. Qg3 {[%clk 0:04:43]} Bf7 {[%clk 0:05:31]} 27. Rad1
{[%clk 0:04:50]} e5 {[%clk 0:04:22]} 28. Nb5 {[%clk 0:04:59]} Qxc2
{[%clk 0:04:30]} 29. Nxd6 {[%clk 0:04:45]} Be6 {[%clk 0:04:39]} 30. Qf3
{[%clk 0:03:20]} Nf4 {[%clk 0:04:01]} 31. Nxb7 {[%clk 0:03:17]} Nxh3
{[%clk 0:03:34]} 32. Rd8 {[%clk 0:02:02]} Nf4 {[%clk 0:02:54]} 33. Rxf8+
{[%clk 0:01:41]} Kxf8 {[%clk 0:03:02]} 34. Rd1 {[%clk 0:00:56]} g5
{[%clk 0:01:40]} 35. Rd6 {[%clk 0:00:21]} Ke7 {[%clk 0:00:56]} 36. Rc6
{[%clk 0:00:25]} Qxb2 {[%clk 0:00:56]} 37. Rc7+ {[%clk 0:00:34]} Kf8
{[%clk 0:01:05]} 38. Qe3 {[%clk 0:00:22]} Kg8 {[%clk 0:00:30]} 39. Qa7
{[%clk 0:00:28]} Ng6 {[%clk 0:00:29]} 40. Nd8 {[%clk 0:00:28]} Qb3
{[%clk 0:00:16]} 41. Rxh7 {[%clk 0:00:35]} Bd7 42. Qxd7 {[%clk 0:00:42]} 1-0

[Event "Rapid 2018"]
[Site "Saint-Petersburg"]
[Date "2018.12.28"]
[Round "11"]
[Board "45"]
[White "Amin Bassem (EGY)"]
[Black "Kazhgaleyev Murtas (KAZ)"]
[Result "1-0"]
[LiveChessVersion "1.4.8"]
[BlackElo "2462"]
[WhiteElo "2630"]

1. Nf3 {[%clk 0:15:15]} d6 {[%clk 0:15:17]} 2. e4 {[%clk 0:15:13]} e5
{[%clk 0:15:24]} 3. d4 {[%clk 0:15:17]} exd4 {[%clk 0:15:32]} 4. Nxd4
{[%clk 0:15:24]} Nf6 {[%clk 0:15:40]} 5. Nc3 {[%clk 0:15:30]} Be7
{[%clk 0:15:48]} 6. g3 {[%clk 0:15:32]} Nc6 {[%clk 0:15:52]} 7. Bg2
{[%clk 0:15:35]} Nxd4 {[%clk 0:15:58]} 8. Qxd4 {[%clk 0:15:42]} O-O
{[%clk 0:16:05]} 9. O-O {[%clk 0:15:15]} c6 {[%clk 0:16:13]} 10. Bf4
{[%clk 0:14:57]} Qb6 {[%clk 0:14:50]} 11. Qxb6 {[%clk 0:13:08]} axb6
{[%clk 0:14:58]} 12. a4 {[%clk 0:13:16]} Be6 {[%clk 0:15:05]} 13. Rad1
{[%clk 0:13:19]} Rfd8 {[%clk 0:15:12]} 14. Rd2 {[%clk 0:13:14]} Ng4
{[%clk 0:13:06]} 15. h3 {[%clk 0:12:34]} g5 {[%clk 0:12:11]} 16. hxg4
{[%clk 0:12:43]} gxf4 {[%clk 0:12:19]} 17. gxf4 {[%clk 0:12:51]} Bxg4
{[%clk 0:12:28]} 18. f5 {[%clk 0:11:52]} f6 {[%clk 0:11:58]} 19. b3
{[%clk 0:11:03]} d5 {[%clk 0:10:59]} 20. exd5 {[%clk 0:09:57]} Bxf5
{[%clk 0:11:07]} 21. Re2 {[%clk 0:10:05]} Bb4 {[%clk 0:11:12]} 22. Ne4
{[%clk 0:10:13]} Kf7 {[%clk 0:10:45]} 23. dxc6 {[%clk 0:09:58]} bxc6
{[%clk 0:10:53]} 24. Ng3 {[%clk 0:10:04]} Bd7 {[%clk 0:10:53]} 25. Re4
{[%clk 0:09:39]} Bf8 {[%clk 0:09:43]} 26. Bf3 {[%clk 0:08:05]} f5
{[%clk 0:09:00]} 27. Rh4 {[%clk 0:08:03]} Kg6 {[%clk 0:08:57]} 28. Kg2
{[%clk 0:04:21]} Be7 {[%clk 0:08:24]} 29. Rd4 {[%clk 0:04:12]} Be6
{[%clk 0:06:19]} 30. Re1 {[%clk 0:03:22]} Kf7 {[%clk 0:06:16]} 31. Bxc6
{[%clk 0:02:47]} Rac8 {[%clk 0:06:10]} 32. Rxd8 {[%clk 0:02:30]} Bxd8
{[%clk 0:06:15]} 33. Be8+ {[%clk 0:02:37]} Ke7 {[%clk 0:04:52]} 34. Nxf5+
{[%clk 0:02:41]} Kf6 {[%clk 0:05:01]} 35. Nd4 {[%clk 0:02:35]} Bd5+
{[%clk 0:05:06]} 36. f3 {[%clk 0:02:28]} Be7 {[%clk 0:05:13]} 37. Bd7
{[%clk 0:02:06]} Rg8+ {[%clk 0:05:19]} 38. Kh3 {[%clk 0:01:59]} Bd6
{[%clk 0:04:43]} 39. c4 {[%clk 0:01:47]} Bf7 {[%clk 0:04:29]} 40. Re4
{[%clk 0:01:12]} Rg3+ {[%clk 0:04:01]} 41. Kh4 {[%clk 0:01:22]} Rg2
{[%clk 0:04:08]} 42. Bc8 {[%clk 0:00:43]} Bc5 {[%clk 0:02:55]} 43. Rf4+
{[%clk 0:00:39]} Kg6 {[%clk 0:02:38]} 44. Bf5+ {[%clk 0:00:28]} Kh6
{[%clk 0:02:29]} 45. Bg4 {[%clk 0:00:23]} Bg6 {[%clk 0:01:29]} 46. Nf5+
{[%clk 0:00:19]} Bxf5 {[%clk 0:01:37]} 47. Rxf5 {[%clk 0:00:27]} Rb2
{[%clk 0:01:27]} 48. a5 {[%clk 0:00:13]} Be7+ {[%clk 0:01:35]} 49. Kg3
{[%clk 0:00:21]} Bd6+ {[%clk 0:01:44]} 50. f4 {[%clk 0:00:27]} Rxb3+
{[%clk 0:01:47]} 51. Bf3 {[%clk 0:00:32]} Kg6 {[%clk 0:01:21]} 52. Rd5
{[%clk 0:00:38]} Be7 {[%clk 0:01:12]} 53. a6 {[%clk 0:00:42]} Ra3
{[%clk 0:01:17]} 54. Rd7 {[%clk 0:00:51]} Bb4 {[%clk 0:01:24]} 55. a7
{[%clk 0:00:58]} Be1+ {[%clk 0:01:33]} 56. Kg2 {[%clk 0:01:05]} 1-0

[Event "Rapid 2018"]
[Site "Saint-Petersburg"]
[Date "2018.12.28"]
[Round "11"]
[Board "47"]
[White "Kovalenko Igor (LAT)"]
[Black "Sychev Klementy (RUS)"]
[Result "1-0"]
[LiveChessVersion "1.4.8"]
[BlackElo "2544"]
[WhiteElo "2665"]

1. d4 {[%clk 0:15:17]} Nf6 {[%clk 0:15:19]} 2. Nf3 {[%clk 0:15:26]} g6
{[%clk 0:15:27]} 3. Bf4 {[%clk 0:15:34]} Bg7 {[%clk 0:15:13]} 4. e3
{[%clk 0:15:43]} d6 {[%clk 0:15:11]} 5. h3 {[%clk 0:15:51]} O-O {[%clk 0:15:18]}
6. Be2 {[%clk 0:15:58]} Nc6 {[%clk 0:13:32]} 7. Nc3 {[%clk 0:15:26]} Bf5
{[%clk 0:13:11]} 8. O-O {[%clk 0:14:54]} Ne4 {[%clk 0:13:17]} 9. Nxe4
{[%clk 0:14:58]} Bxe4 {[%clk 0:13:25]} 10. Bh2 {[%clk 0:14:54]} e5
{[%clk 0:12:59]} 11. c3 {[%clk 0:14:53]} Qe7 {[%clk 0:12:36]} 12. Re1
{[%clk 0:14:46]} Kh8 {[%clk 0:12:34]} 13. Qb3 {[%clk 0:13:23]} Rab8
{[%clk 0:11:11]} 14. Nd2 {[%clk 0:13:05]} Bf5 {[%clk 0:11:17]} 15. d5
{[%clk 0:11:18]} Nd8 {[%clk 0:11:20]} 16. Qa3 {[%clk 0:11:26]} a6
{[%clk 0:11:18]} 17. c4 {[%clk 0:11:06]} Bd7 {[%clk 0:08:18]} 18. b4
{[%clk 0:10:46]} f5 {[%clk 0:08:17]} 19. c5 {[%clk 0:10:47]} Nf7 {[%clk 0:08:25]}
20. Rac1 {[%clk 0:10:44]} e4 {[%clk 0:05:12]} 21. Nc4 {[%clk 0:10:14]} Bb5
{[%clk 0:05:18]} 22. cxd6 {[%clk 0:08:21]} cxd6 {[%clk 0:05:26]} 23. Nb6
{[%clk 0:08:31]} Qd8 {[%clk 0:04:43]} 24. Qa5 {[%clk 0:08:11]} Bxe2
{[%clk 0:03:28]} 25. Rxe2 {[%clk 0:08:20]} Be5 {[%clk 0:03:37]} 26. b5
{[%clk 0:01:53]} Bxh2+ {[%clk 0:03:32]} 27. Kxh2 {[%clk 0:02:02]} Ne5
{[%clk 0:03:42]} 28. Rc3 {[%clk 0:01:35]} Qf6 {[%clk 0:02:48]} 29. Qb4
{[%clk 0:01:41]} axb5 {[%clk 0:02:40]} 30. Rec2 {[%clk 0:01:50]} Rbe8
{[%clk 0:02:25]} 31. Qxb5 {[%clk 0:01:55]} f4 {[%clk 0:02:11]} 32. Nd7
{[%clk 0:02:04]} Nxd7 {[%clk 0:01:47]} 33. Qxd7 {[%clk 0:02:13]} Re7
{[%clk 0:01:57]} 34. Qg4 {[%clk 0:02:17]} f3 {[%clk 0:01:23]} 35. gxf3
{[%clk 0:01:05]} exf3 {[%clk 0:01:26]} 36. Rc8 {[%clk 0:01:10]} Rxc8
{[%clk 0:01:23]} 37. Rxc8+ {[%clk 0:01:19]} Kg7 {[%clk 0:01:33]} 38. Rc4
{[%clk 0:01:28]} Qe5+ {[%clk 0:01:14]} 39. Qg3 {[%clk 0:01:10]} Qxd5
{[%clk 0:01:23]} 40. Rd4 {[%clk 0:01:20]} Qxa2 {[%clk 0:01:27]} 41. Rxd6
{[%clk 0:01:27]} Qb2 {[%clk 0:00:53]} 42. h4 {[%clk 0:00:59]} b5 {[%clk 0:00:51]}
43. Rd4 {[%clk 0:00:38]} b4 {[%clk 0:00:46]} 44. h5 {[%clk 0:00:47]} Qb3
{[%clk 0:00:17]} 45. h6+ {[%clk 0:00:39]} Kf8 {[%clk 0:00:19]} 46. Rd8+
{[%clk 0:00:29]} Kf7 {[%clk 0:00:20]} 47. Qf4+ {[%clk 0:00:37]} 1-0

[Event "Rapid 2018"]
[Site "Saint-Petersburg"]
[Date "2018.12.28"]
[Round "11"]
[Board "48"]
[White "Ghaem Maghami Ehsan (IRI)"]
[Black "Najer Evgeniy (RUS)"]
[Result "1-0"]
[LiveChessVersion "1.4.8"]
[BlackElo "2653"]
[WhiteElo "2524"]

1. d4 {[%clk 0:15:18]} d5 {[%clk 0:15:20]} 2. Nf3 {[%clk 0:15:26]} Nf6
{[%clk 0:15:29]} 3. c4 {[%clk 0:15:34]} c6 {[%clk 0:15:38]} 4. e3
{[%clk 0:15:40]} Bg4 {[%clk 0:15:47]} 5. Nc3 {[%clk 0:15:39]} e6 {[%clk 0:15:56]}
6. h3 {[%clk 0:15:38]} Bh5 {[%clk 0:16:04]} 7. g4 {[%clk 0:15:43]} Bg6
{[%clk 0:16:13]} 8. Ne5 {[%clk 0:15:50]} Nbd7 {[%clk 0:16:22]} 9. Nxg6
{[%clk 0:15:54]} hxg6 {[%clk 0:16:30]} 10. Bd2 {[%clk 0:15:47]} Bb4
{[%clk 0:16:39]} 11. Bd3 {[%clk 0:15:40]} Qe7 {[%clk 0:16:06]} 12. g5
{[%clk 0:14:43]} Nh7 {[%clk 0:11:40]} 13. f4 {[%clk 0:14:28]} O-O-O
{[%clk 0:11:45]} 14. Qc2 {[%clk 0:13:01]} Kb8 {[%clk 0:11:39]} 15. O-O-O
{[%clk 0:12:46]} dxc4 {[%clk 0:11:02]} 16. Bxc4 {[%clk 0:12:53]} c5
{[%clk 0:09:12]} 17. a3 {[%clk 0:11:27]} Ba5 {[%clk 0:06:18]} 18. dxc5
{[%clk 0:09:58]} Qxc5 {[%clk 0:06:26]} 19. Be2 {[%clk 0:09:17]} Qc6
{[%clk 0:05:26]} 20. Kb1 {[%clk 0:09:00]} Nhf8 {[%clk 0:04:33]} 21. Qe4
{[%clk 0:06:48]} e5 {[%clk 0:03:34]} 22. Qxc6 {[%clk 0:04:07]} bxc6
{[%clk 0:03:43]} 23. Bf3 {[%clk 0:04:14]} Rc8 {[%clk 0:03:50]} 24. Ne4
{[%clk 0:03:44]} Bxd2 {[%clk 0:03:44]} 25. Rxd2 {[%clk 0:03:51]} Rc7
{[%clk 0:03:52]} 26. Nd6 {[%clk 0:03:03]} exf4 {[%clk 0:03:04]} 27. exf4
{[%clk 0:02:56]} Rh4 {[%clk 0:02:42]} 28. Re1 {[%clk 0:02:37]} Ne6
{[%clk 0:02:19]} 29. Ne8 {[%clk 0:01:54]} Rxf4 {[%clk 0:01:44]} 30. Nxc7
{[%clk 0:01:43]} Kxc7 {[%clk 0:01:53]} 31. Bg4 {[%clk 0:01:52]} Ndc5
{[%clk 0:02:02]} 32. Rc2 {[%clk 0:01:09]} Nd3 {[%clk 0:01:10]} 33. Rd1
{[%clk 0:01:18]} Nf2 {[%clk 0:01:13]} 34. Rdc1 {[%clk 0:00:15]} Nd4
{[%clk 0:01:11]} 35. Rc4 {[%clk 0:00:25]} Ne6 1-0

[Event "Rapid 2018"]
[Site "Saint-Petersburg"]
[Date "2018.12.28"]
[Round "11"]
[Board "49"]
[White "Baron Tal (ISR)"]
[Black "Demchenko Anton (RUS)"]
[Result "0-1"]
[LiveChessVersion "1.4.8"]
[BlackElo "2651"]
[WhiteElo "2525"]

1. d4 {[%clk 0:15:19]} Nf6 {[%clk 0:15:19]} 2. c4 {[%clk 0:15:28]} d6
{[%clk 0:15:27]} 3. Nf3 {[%clk 0:14:25]} g6 {[%clk 0:15:30]} 4. Nc3
{[%clk 0:14:16]} Bg7 {[%clk 0:15:39]} 5. e4 {[%clk 0:14:21]} O-O {[%clk 0:15:47]}
6. Be2 {[%clk 0:14:25]} Na6 {[%clk 0:15:42]} 7. Be3 {[%clk 0:13:59]} e5
{[%clk 0:15:33]} 8. d5 {[%clk 0:12:46]} Ng4 {[%clk 0:14:37]} 9. Bg5
{[%clk 0:12:52]} f6 {[%clk 0:14:45]} 10. Bh4 {[%clk 0:12:36]} Nh6
{[%clk 0:14:39]} 11. Nd2 {[%clk 0:12:17]} Nf7 {[%clk 0:13:15]} 12. a3
{[%clk 0:11:30]} c6 {[%clk 0:12:56]} 13. f3 {[%clk 0:09:14]} Bh6 {[%clk 0:12:36]}
14. Bf2 {[%clk 0:08:43]} f5 {[%clk 0:11:14]} 15. b4 {[%clk 0:07:30]} c5
{[%clk 0:10:26]} 16. b5 {[%clk 0:04:50]} Nc7 {[%clk 0:10:27]} 17. a4
{[%clk 0:04:33]} Ne8 {[%clk 0:10:07]} 18. g4 {[%clk 0:03:55]} fxg4
{[%clk 0:09:32]} 19. fxg4 {[%clk 0:04:02]} Bf4 {[%clk 0:09:18]} 20. h4
{[%clk 0:03:53]} a6 {[%clk 0:08:07]} 21. Nb3 {[%clk 0:03:06]} g5 {[%clk 0:07:52]}
22. h5 {[%clk 0:03:01]} Nh6 {[%clk 0:07:54]} 23. Rg1 {[%clk 0:03:02]} Nf6
{[%clk 0:08:03]} 24. bxa6 {[%clk 0:01:05]} bxa6 {[%clk 0:07:57]} 25. a5
{[%clk 0:01:12]} Rb8 {[%clk 0:07:52]} 26. Nxc5 {[%clk 0:01:03]} dxc5
{[%clk 0:07:18]} 27. Bxc5 {[%clk 0:01:12]} Rb2 {[%clk 0:06:11]} 28. Bb6
{[%clk 0:00:34]} Rxb6 {[%clk 0:05:53]} 29. axb6 {[%clk 0:00:43]} Qxb6
{[%clk 0:06:02]} 30. Rg2 {[%clk 0:00:49]} Qb4 {[%clk 0:05:33]} 0-1